Historia de Costa Rica / Carlos Meléndez

Guardat en:
Dades bibliogràfiques
Autor principal: Meléndez, Carlos
Format: Llibre
Idioma:Undetermined
Publicat: San José, Costa Rica Editorial Universidad Estatal a Distancia 1981
Matèries:
Etiquetes: Afegir etiqueta
Sense etiquetes, Sigues el primer a etiquetar aquest registre!

MARC

LEADER 00000nam a2200000Ia 4500
008 170316s9999 xx 000 0 und d
040 |a cru BVZT 
090 |a CG-001 H-1m 
100 |a Meléndez, Carlos 
245 |a Historia de Costa Rica / Carlos Meléndez 
260 |a San José, Costa Rica 
260 |b Editorial Universidad Estatal a Distancia 
260 |c 1981 
300 |a 175 páginas 
650 |a CULTURA GENERAL 
650 |a HISTORIA 
650 |a COSTA RICA 
650 |a CULTURA PRECOLOMBIA 
650 |a CONQUISTA 
650 |a PERÍODO COLONIAL 
650 |a ESTADO NACIONAL 1821-1870 
650 |a ESTADO LIBERAL 1870-1949 
650 |a ÉPOCA ACTUAL 1949-1978 
999 |c 15225  |d 15225 
942 |c 15 D  |h CG-001 H-1m  |2 z